Литолого-петрографическая характеристика отложений Баженовской свиты на Юго-Востоке Нюрольской впадины; Проблемы геологии и освоения недр; Т. 1

Detalhes bibliográficos
Parent link:Проблемы геологии и освоения недр: труды XIX Международного симпозиума имени академика М. А. Усова студентов и молодых ученых, посвященного 70-летнему юбилею Победы советского народа над фашистской Германией, Томск, 6-10 апреля 2015 г./ Национальный исследовательский Томский политехнический университет (ТПУ), Институт природных ресурсов (ИПР) ; Общество инженеров-нефтяников, международная некоммерческая организация, Студенческий чаптер ; под ред. А. Ю. Дмитриева.— , 2015
Т. 1.— [С. 256-259]
Autor principal: Ли Ц.
Autor Corporativo: Национальный исследовательский Томский политехнический университет (ТПУ) Институт природных ресурсов (ИПР) Кафедра геологии и разведки полезных ископаемых (ГРПИ)
Outros Autores: Недоливко Н. М. Наталья Михайловна (научный руководитель)
Resumo:Заглавие с экрана
Idioma:russo
Publicado em:
Colecção:Геология нефти и газа. Современные методы поисков и разведки углеводородного сырья. Геоинформационные системы в геологии нефти и газа
Assuntos:
Acesso em linha:http://earchive.tpu.ru/handle/11683/23100
http://www.lib.tpu.ru/fulltext/c/2015/C11/V1/109.pdf
Formato: Recurso Electrónico Capítulo de Livro
KOHA link:https://koha.lib.tpu.ru/cgi-bin/koha/opac-detail.pl?biblionumber=614918

MARC

LEADER 00000naa2a2200000 4500
001 614918
005 20231219163259.0
035 |a (RuTPU)RU\TPU\conf\13095 
035 |a RU\TPU\conf\13093 
090 |a 614918 
100 |a 20151019d2015 k y0rusy50 ca 
101 0 |a rus 
102 |a RU 
105 |a y z 100zy 
135 |a drcn ---uucaa 
181 0 |a i  
182 0 |a b 
200 1 |a Литолого-петрографическая характеристика отложений Баженовской свиты на Юго-Востоке Нюрольской впадины  |f Ц. Ли, Н. М. Недоливко  |g науч. рук. Н. М. Недоливко 
203 |a Текст  |c электронный 
225 1 |a Геология нефти и газа. Современные методы поисков и разведки углеводородного сырья. Геоинформационные системы в геологии нефти и газа 
300 |a Заглавие с экрана 
320 |a [Библиогр.: с. 259 (3 назв.)] 
337 |a Adobe Reader 
461 1 |0 (RuTPU)RU\TPU\conf\12865  |t Проблемы геологии и освоения недр  |o труды XIX Международного симпозиума имени академика М. А. Усова студентов и молодых ученых, посвященного 70-летнему юбилею Победы советского народа над фашистской Германией, Томск, 6-10 апреля 2015 г.  |o в 2 т.  |f Национальный исследовательский Томский политехнический университет (ТПУ), Институт природных ресурсов (ИПР) ; Общество инженеров-нефтяников, международная некоммерческая организация, Студенческий чаптер ; под ред. А. Ю. Дмитриева  |d 2015 
463 1 |0 (RuTPU)RU\TPU\conf\12868  |t Т. 1  |v [С. 256-259] 
610 1 |a труды учёных ТПУ 
610 1 |a электронный ресурс 
610 1 |a литолого-петрофизическая характеристика 
610 1 |a отложения 
610 1 |a баженовская свита 
610 1 |a Нюрольская впадина 
700 1 |a Ли  |b Ц. 
701 1 |a Недоливко  |b Н. М.  |c геолог  |c доцент Томского политехнического университета, кандидат геолого-минералогических наук  |f 1955-  |g Наталья Михайловна  |3 (RuTPU)RU\TPU\pers\26091  |9 11925 
702 1 |a Недоливко  |b Н. М.  |c геолог  |c доцент Томского политехнического университета, кандидат геолого-минералогических наук  |f 1955-  |g Наталья Михайловна  |4 727 
712 0 2 |a Национальный исследовательский Томский политехнический университет (ТПУ)  |b Институт природных ресурсов (ИПР)  |b Кафедра геологии и разведки полезных ископаемых (ГРПИ)  |3 (RuTPU)RU\TPU\col\18660 
801 2 |a RU  |b 63413507  |c 20210118  |g RCR 
856 4 |u http://earchive.tpu.ru/handle/11683/23100 
856 4 |u http://www.lib.tpu.ru/fulltext/c/2015/C11/V1/109.pdf 
942 |c BK